[Event "Open Ciudad de San Sebastián 2018"]
[Site "San Sebastian ESP"]
[Date "2018.03.24"]
[Round "1.1"]
[White "Both, Gert"]
[Black "Vazquez Igarza, Renier"]
[Result "0-1"]
[WhiteElo "1855"]
[BlackElo "2559"]
[PlyCount "42"]
[EventDate "2018.03.24"]
[EventType "swiss"]
[EventRounds "9"]
[EventCountry "ESP"]
[SourceTitle "Ajedrez en Madrid"]
[Source "lmi"]
[SourceDate "2018.03.24"]
[SourceVersion "1"]
[SourceVersionDate "2018.04.01"]
[SourceQuality "1"]

1. d4 Nf6 2. Nf3 d5 3. Bf4 c5 4. e3 Nc6 5. c3 Qb6 6. b3 Bg4 7. dxc5 Qxc5 8. Be2
g6 9. b4 Qb6 10. a3 Bg7 11. h3 Bf5 12. Nd4 Bxb1 13. Rxb1 e5 14. Nxc6 exf4 15.
Nd4 O-O 16. Bf3 Rfe8 17. O-O fxe3 18. fxe3 Rxe3 19. Qd2 Bh6 20. Kh1 Ne4 21.
Bxe4 Rxh3+ 0-1

[Event "Open Ciudad de San Sebastián 2018"]
[Site "San Sebastian ESP"]
[Date "2018.03.24"]
[Round "1.2"]
[White "Del Rio De Angelis, Salvador G"]
[Black "Esnaola San Sebastian, Jon"]
[Result "1-0"]
[WhiteElo "2535"]
[BlackElo "1848"]
[PlyCount "41"]
[EventDate "2018.03.24"]
[EventType "swiss"]
[EventRounds "9"]
[EventCountry "ESP"]
[SourceTitle "Ajedrez en Madrid"]
[Source "lmi"]
[SourceDate "2018.03.24"]
[SourceVersion "1"]
[SourceVersionDate "2018.04.01"]
[SourceQuality "1"]

1. d4 e6 2. e4 d5 3. e5 c5 4. c3 Qb6 5. Nf3 Nc6 6. Bd3 Bd7 7. dxc5 Bxc5 8. O-O
a5 9. c4 Nge7 10. Nc3 Nb4 11. Be2 dxc4 12. Bxc4 Bc6 13. a3 Rd8 14. Qe2 Nbd5 15.
Ne4 Nf5 16. Rb1 Bxa3 17. g4 Nd4 18. Nxd4 Qxd4 19. bxa3 Nc3 20. Nxc3 Qxc3 21.
Rb3 1-0

[Event "Open Ciudad de San Sebastián 2018"]
[Site "San Sebastian ESP"]
[Date "2018.03.24"]
[Round "1.3"]
[White "Zuloaga Erauskin, Markel"]
[Black "Martinez Duany, Lelys Stanley"]
[Result "0-1"]
[WhiteElo "1843"]
[BlackElo "2499"]
[PlyCount "54"]
[EventDate "2018.03.24"]
[EventType "swiss"]
[EventRounds "9"]
[EventCountry "ESP"]
[SourceTitle "Ajedrez en Madrid"]
[Source "lmi"]
[SourceDate "2018.03.24"]
[SourceVersion "1"]
[SourceVersionDate "2018.04.01"]
[SourceQuality "1"]

1. d4 Nf6 2. Nf3 c5 3. e3 g6 4. Bd3 d5 5. b3 Bg7 6. Bb2 O-O 7. O-O cxd4 8. exd4
Nc6 9. a3 Nh5 10. Qd2 Qd6 11. Re1 Nf4 12. Bf1 Bf5 13. Ne5 Bh6 14. Qd1 Rac8 15.
c4 dxc4 16. Nxc6 bxc6 17. Bxc4 Bg7 18. Qd2 Rfd8 19. Qb4 c5 20. dxc5 Qc6 21. Bf1
Bxb2 22. Ra2 Bd4 23. Rd2 e5 24. Nc3 Bxc5 25. Rxd8+ Rxd8 26. Qb5 Qxb5 27. Nxb5
Rd2 0-1

[Event "Open Ciudad de San Sebastián 2018"]
[Site "San Sebastian ESP"]
[Date "2018.03.24"]
[Round "1.4"]
[White "Venkatesh, Marani Rajendran"]
[Black "Ruiz De Alegria Madariaga, Carlo"]
[Result "1-0"]
[WhiteElo "2487"]
[BlackElo "1842"]
[PlyCount "79"]
[EventDate "2018.03.24"]
[EventType "swiss"]
[EventRounds "9"]
[EventCountry "ESP"]
[SourceTitle "Ajedrez en Madrid"]
[Source "lmi"]
[SourceDate "2018.03.24"]
[SourceVersion "1"]
[SourceVersionDate "2018.04.01"]
[SourceQuality "1"]

1. e4 e5 2. Nf3 Nc6 3. Bb5 a6 4. Ba4 Nf6 5. d3 d6 6. c3 Be7 7. Nbd2 O-O 8. O-O
b5 9. Bc2 Be6 10. d4 Bg4 11. h3 Bxf3 12. Nxf3 Kh8 13. a4 Qd7 14. Qe2 h6 15.
axb5 axb5 16. Rxa8 Rxa8 17. Qxb5 Nxd4 18. Nxd4 exd4 19. Qb7 Rf8 20. cxd4 c5 21.
Qxd7 Nxd7 22. dxc5 dxc5 23. Rd1 Nb6 24. Bf4 Rd8 25. Ra1 Ra8 26. Rxa8+ Nxa8 27.
Ba4 Nb6 28. Bb5 Nc8 29. Kf1 Kg8 30. Ke2 Kf8 31. Kd3 Bg5 32. Bb8 Ke7 33. f4 Bh4
34. e5 Bf2 35. Ke4 f6 36. Kd5 fxe5 37. fxe5 Bd4 38. b4 Nb6+ 39. Ke4 Nc8 40. Ba6
1-0

[Event "Open Ciudad de San Sebastián 2018"]
[Site "San Sebastian ESP"]
[Date "2018.03.24"]
[Round "1.5"]
[White "Sanchez Merino, Christian"]
[Black "Pulvett Marin, Daniel"]
[Result "0-1"]
[WhiteElo "1840"]
[BlackElo "2459"]
[PlyCount "54"]
[EventDate "2018.03.24"]
[EventType "swiss"]
[EventRounds "9"]
[EventCountry "ESP"]
[SourceTitle "Ajedrez en Madrid"]
[Source "lmi"]
[SourceDate "2018.03.24"]
[SourceVersion "1"]
[SourceVersionDate "2018.04.01"]
[SourceQuality "1"]

1. e4 c5 2. Nf3 e6 3. d4 cxd4 4. Nxd4 Nc6 5. Nc3 Qc7 6. Be2 a6 7. O-O Nf6 8.
Be3 Be7 9. Bf3 h5 10. g3 Ne5 11. Bg2 h4 12. Bf4 hxg3 13. hxg3 Nh5 14. Bxe5 Qxe5
15. Nf3 Qc5 16. Qd4 Qc7 17. Qe5 d6 18. Qd4 b5 19. a3 Bb7 20. Rad1 Rc8 21. Rfe1
Nf6 22. e5 dxe5 23. Qxe5 Qb6 24. Re2 Rh5 25. Qf4 Rf5 26. Qe3 Bc5 27. Qd3 g6 0-1

[Event "Open Ciudad de San Sebastián 2018"]
[Site "San Sebastian ESP"]
[Date "2018.03.24"]
[Round "1.6"]
[White "Franco Alonso, Alejandro"]
[Black "Darrigues, Alain"]
[Result "1-0"]
[WhiteElo "2444"]
[BlackElo "1832"]
[PlyCount "69"]
[EventDate "2018.03.24"]
[EventType "swiss"]
[EventRounds "9"]
[EventCountry "ESP"]
[SourceTitle "Ajedrez en Madrid"]
[Source "lmi"]
[SourceDate "2018.03.24"]
[SourceVersion "1"]
[SourceVersionDate "2018.04.01"]
[SourceQuality "1"]

1. d4 Nf6 2. Nf3 g6 3. c4 Bg7 4. Nc3 d6 5. e4 O-O 6. h3 e5 7. d5 a5 8. Bg5 Nbd7
9. Nd2 c6 10. Be2 Qc7 11. a3 h6 12. Be3 Nh7 13. g4 Kh8 14. Nf1 Nc5 15. Ng3 Bd7
16. h4 a4 17. Rb1 f5 18. gxf5 gxf5 19. Nh5 fxe4 20. Bxc5 dxc5 21. d6 Qa5 22.
Qd2 Bf5 23. Rd1 Rad8 24. Nxg7 Kxg7 25. Rg1+ Kh8 26. Qxh6 Rd7 27. Rg3 b6 28. Bg4
Rf6 29. Qh5 Rdf7 30. d7 Bxd7 31. Rxd7 Rxd7 32. Bxd7 Qa8 33. Nxe4 Qf8 34. Nxf6
Qxf6 35. Bf5 1-0

[Event "Open Ciudad de San Sebastián 2018"]
[Site "San Sebastian ESP"]
[Date "2018.03.24"]
[Round "1.8"]
[White "Iruzubieta Villaluenga, Jesus M"]
[Black "Medrano Del Val, Julio"]
[Result "1-0"]
[WhiteElo "2426"]
[BlackElo "1824"]
[PlyCount "29"]
[EventDate "2018.03.24"]
[EventType "swiss"]
[EventRounds "9"]
[EventCountry "ESP"]
[SourceTitle "Ajedrez en Madrid"]
[Source "lmi"]
[SourceDate "2018.03.24"]
[SourceVersion "1"]
[SourceVersionDate "2018.04.01"]
[SourceQuality "1"]

1. e4 e5 2. Nf3 Nc6 3. d4 exd4 4. Nxd4 Bc5 5. Nxc6 bxc6 6. Bd3 Qf6 7. O-O a5 8.
Nc3 Rb8 9. e5 Qe7 10. Ne4 h6 11. Re1 Ba7 12. b3 Bd4 13. c3 Bxe5 14. f4 f5 15.
Ng3 1-0

[Event "Open Ciudad de San Sebastián 2018"]
[Site "San Sebastian ESP"]
[Date "2018.03.24"]
[Round "1.10"]
[White "Hernandez Sanchez, Elvis De La C"]
[Black "Pascual Garcia, Martin"]
[Result "1-0"]
[WhiteElo "2261"]
[BlackElo "1782"]
[PlyCount "55"]
[EventDate "2018.03.24"]
[EventType "swiss"]
[EventRounds "9"]
[EventCountry "ESP"]
[SourceTitle "Ajedrez en Madrid"]
[Source "lmi"]
[SourceDate "2018.03.24"]
[SourceVersion "1"]
[SourceVersionDate "2018.04.01"]
[SourceQuality "1"]

1. e4 c5 2. Nf3 Nc6 3. c3 Nf6 4. e5 Nd5 5. d4 cxd4 6. cxd4 e6 7. a3 d6 8. Bd3
dxe5 9. dxe5 Qc7 10. O-O Bd7 11. Qe2 Bc5 12. Qe4 Nde7 13. Nc3 a6 14. Bf4 Nf5
15. Rac1 Ncd4 16. Nxd4 Nxd4 17. Bg3 Qb6 18. Qg4 g6 19. Ne4 Be7 20. Bh4 h5 21.
Qh3 g5 22. Bxg5 Bxg5 23. Nxg5 Nc6 24. Ne4 Qd4 25. Qh4 Rd8 26. Qf6 O-O 27. Qg5+
Kh8 28. Qh6+ 1-0

[Event "Open Ciudad de San Sebastián 2018"]
[Site "San Sebastian ESP"]
[Date "2018.03.24"]
[Round "1.11"]
[White "Arocena Uria, Jaime"]
[Black "Prieto Aranguren, Alain"]
[Result "0-1"]
[WhiteElo "1771"]
[BlackElo "2261"]
[PlyCount "85"]
[EventDate "2018.03.24"]
[EventType "swiss"]
[EventRounds "9"]
[EventCountry "ESP"]
[SourceTitle "Ajedrez en Madrid"]
[Source "lmi"]
[SourceDate "2018.03.24"]
[SourceVersion "1"]
[SourceVersionDate "2018.04.01"]
[SourceQuality "1"]

1. e4 c6 2. d4 d5 3. Nc3 dxe4 4. Nxe4 Bf5 5. Ng3 Bg6 6. h4 h6 7. Nf3 Nd7 8. h5
Bh7 9. Bd3 Bxd3 10. Qxd3 e6 11. Bd2 Ngf6 12. O-O-O Be7 13. Kb1 a5 14. Ne4 Nxe4
15. Qxe4 Nf6 16. Qd3 a4 17. a3 O-O 18. Ne5 Qd5 19. g4 c5 20. Be3 cxd4 21. Qxd4
Rfd8 22. Qxd5 Rxd5 23. Rxd5 Nxd5 24. Bc1 Bf6 25. Re1 b5 26. f4 Rc8 27. Re4 Be7
28. Nd3 Bxa3 29. f5 Rc6 30. fxe6 fxe6 31. Ne5 Rc8 32. c4 bxc4 33. Nxc4 Bb4 34.
Nb6 Nxb6 35. Rxb4 Rc6 36. g5 hxg5 37. Bxg5 e5 38. Bd8 Nc4 39. Rxa4 e4 40. Bh4
e3 41. Ra8+ Kh7 42. Kc2 Nb6+ 43. Kb1 0-1

[Event "Open Ciudad de San Sebastián 2018"]
[Site "San Sebastian ESP"]
[Date "2018.03.24"]
[Round "1.12"]
[White "Delgado Crespo, Mairelys"]
[Black "Arrondo Carbonell, Pablo"]
[Result "1-0"]
[WhiteElo "2250"]
[BlackElo "1762"]
[PlyCount "111"]
[EventDate "2018.03.24"]
[EventType "swiss"]
[EventRounds "9"]
[EventCountry "ESP"]
[SourceTitle "Ajedrez en Madrid"]
[Source "lmi"]
[SourceDate "2018.03.24"]
[SourceVersion "1"]
[SourceVersionDate "2018.04.01"]
[SourceQuality "1"]

1. e4 e5 2. Nf3 Nf6 3. Nc3 Nc6 4. d4 exd4 5. Nxd4 Bc5 6. Be3 Bxd4 7. Bxd4 Nxd4
8. Qxd4 d6 9. O-O-O O-O 10. e5 Ng4 11. exd6 Qxd6 12. Qxd6 cxd6 13. Rd2 Rd8 14.
g3 Bd7 15. Bg2 Bc6 16. Nd5 Kf8 17. f4 Bxd5 18. Bxd5 Rd7 19. Bf3 Nf6 20. Rhd1
Rad8 21. g4 Ne8 22. g5 Rc7 23. h4 a6 24. h5 b6 25. h6 g6 26. Be2 b5 27. Rd5 f5
28. gxf6 Rdc8 29. Bd3 Rc5 30. Bxg6 Rxd5 31. Rxd5 Nxf6 32. Rxd6 Ke7 33. Bf5 Kxd6
34. Bxc8 a5 35. Bf5 Ng8 36. Bxh7 Nxh6 37. Bd3 b4 38. c3 Kc5 39. Kd2 Ng4 40. Be2
Nf6 41. Bf3 bxc3+ 42. Kxc3 Nd7 43. a3 Nf6 44. b4+ axb4+ 45. axb4+ Kb5 46. Be2+
Ka4 47. Kc4 Nd7 48. Bd1+ Ka3 49. b5 Kb2 50. Kd5 Kc1 51. Bf3 Nb6+ 52. Kc6 Nc4
53. b6 Kd2 54. b7 Na5+ 55. Kc7 Nxb7 56. Kxb7 1-0

[Event "Open Ciudad de San Sebastián 2018"]
[Site "San Sebastian ESP"]
[Date "2018.03.25"]
[Round "2.2"]
[White "Ruano Azua, Jonathan"]
[Black "Del Rio De Angelis, Salvador G"]
[Result "0-1"]
[WhiteElo "2011"]
[BlackElo "2535"]
[PlyCount "52"]
[EventDate "2018.03.24"]
[EventType "swiss"]
[EventRounds "9"]
[EventCountry "ESP"]
[SourceTitle "Ajedrez en Madrid"]
[Source "lmi"]
[SourceDate "2018.03.24"]
[SourceVersion "1"]
[SourceVersionDate "2018.04.01"]
[SourceQuality "1"]

1. e4 g6 2. Nf3 Bg7 3. d4 d6 4. Bc4 c6 5. h3 Nf6 6. Nc3 O-O 7. O-O d5 8. Bd3
dxe4 9. Nxe4 Nxe4 10. Bxe4 Nd7 11. Re1 c5 12. Bg5 cxd4 13. Bxe7 Qxe7 14. Bxb7
Qxe1+ 15. Qxe1 Bxb7 16. Qe7 Rad8 17. Qb4 Nb6 18. Rd1 Bxf3 19. gxf3 Rc8 20. Rd2
Rfe8 21. Kf1 Rc7 22. a4 Rc4 23. Qb5 Re5 24. Qa6 Rxa4 25. Qb7 Ra1+ 26. Kg2 Rg5+
0-1

[Event "Open Ciudad de San Sebastián 2018"]
[Site "San Sebastian ESP"]
[Date "2018.03.25"]
[Round "2.3"]
[White "Martinez Duany, Lelys Stanley"]
[Black "Segura Del Frago, Imanol"]
[Result "1-0"]
[WhiteElo "2499"]
[BlackElo "2007"]
[PlyCount "73"]
[EventDate "2018.03.24"]
[EventType "swiss"]
[EventRounds "9"]
[EventCountry "ESP"]
[SourceTitle "Ajedrez en Madrid"]
[Source "lmi"]
[SourceDate "2018.03.24"]
[SourceVersion "1"]
[SourceVersionDate "2018.04.01"]
[SourceQuality "1"]

1. Nf3 c5 2. e4 e6 3. d4 cxd4 4. Nxd4 Nf6 5. Bd3 Nc6 6. Nxc6 dxc6 7. Nd2 e5 8.
O-O Be7 9. a4 O-O 10. a5 Qc7 11. Qe2 Bg4 12. Qe3 b6 13. Qg3 Bh5 14. Nc4 Nd7 15.
f4 b5 16. Nxe5 Nxe5 17. fxe5 Bc5+ 18. Kh1 Rae8 19. c3 Re6 20. Qh3 Bg6 21. Bf4
Rd8 22. Bc2 Rde8 23. Qf3 Bf8 24. Bb3 c5 25. Bxe6 Rxe6 26. Rfd1 c4 27. Rd5 a6
28. Qe3 h6 29. Qd4 Kh7 30. Rd7 Qc6 31. Re1 Bc5 32. Qd5 Qc8 33. Rd8 Qc7 34. Qa8
Bh5 35. Rh8+ Kg6 36. Rxh6+ gxh6 37. Qg8# 1-0

[Event "Open Ciudad de San Sebastián 2018"]
[Site "San Sebastian ESP"]
[Date "2018.03.25"]
[Round "2.4"]
[White "Gorny, Michael"]
[Black "Venkatesh, Marani Rajendran"]
[Result "0-1"]
[WhiteElo "1989"]
[BlackElo "2487"]
[PlyCount "82"]
[EventDate "2018.03.24"]
[EventType "swiss"]
[EventRounds "9"]
[EventCountry "ESP"]
[SourceTitle "Ajedrez en Madrid"]
[Source "lmi"]
[SourceDate "2018.03.24"]
[SourceVersion "1"]
[SourceVersionDate "2018.04.01"]
[SourceQuality "1"]

1. d4 g6 2. c4 Bg7 3. e4 d6 4. Nc3 Nf6 5. f3 O-O 6. Nge2 c6 7. Be3 e5 8. d5
cxd5 9. cxd5 a6 10. a4 Nbd7 11. Nc1 Nh5 12. Nd3 f5 13. g3 Ndf6 14. Be2 fxe4 15.
fxe4 Bd7 16. a5 Rc8 17. Nf2 Rf7 18. Qb3 Qf8 19. Na4 Bh6 20. Ba7 Bxa4 21. Rxa4
Rc1+ 22. Bd1 Nd7 23. O-O b5 24. Ra2 Nc5 25. Bxc5 dxc5 26. Qd3 c4 27. Qe2 Qc5
28. Kg2 Qd4 29. b3 Be3 30. Qg4 Kg7 31. bxc4 bxc4 32. Bf3 Rxf1 33. Kxf1 c3 34.
Kg2 Qc4 35. Rc2 Bxf2 36. Rxf2 c2 37. Qe6 c1=Q 38. Qxe5+ Nf6 39. g4 Q1c3 40. Qe6
Qe3 41. e5 Qxf2+ 0-1

[Event "Open Ciudad de San Sebastián 2018"]
[Site "San Sebastian ESP"]
[Date "2018.03.25"]
[Round "2.5"]
[White "Pulvett Marin, Daniel"]
[Black "Berard, Serge"]
[Result "1-0"]
[WhiteElo "2459"]
[BlackElo "1961"]
[PlyCount "59"]
[EventDate "2018.03.24"]
[EventType "swiss"]
[EventRounds "9"]
[EventCountry "ESP"]
[SourceTitle "Ajedrez en Madrid"]
[Source "lmi"]
[SourceDate "2018.03.24"]
[SourceVersion "1"]
[SourceVersionDate "2018.04.01"]
[SourceQuality "1"]

1. d4 d5 2. c4 e5 3. dxe5 d4 4. a3 Nc6 5. e3 dxe3 6. Qxd8+ Kxd8 7. Bxe3 Nxe5 8.
Nc3 Be6 9. c5 Bb3 10. Nf3 Nxf3+ 11. gxf3 Ne7 12. Bh3 Nd5 13. Nxd5 Bxd5 14.
O-O-O c6 15. Rxd5+ cxd5 16. Rd1 Kc7 17. Rxd5 Kc6 18. Rd3 g5 19. f4 h6 20. b4
Be7 21. Rd7 Rhe8 22. b5+ Kxb5 23. Rxb7+ Kc4 24. Bf1+ Kd5 25. Bg2+ Ke6 26. f5+
Kxf5 27. Rxe7 Rxe7 28. Bxa8 Ke5 29. c6 f5 30. Bb7 1-0

[Event "Open Ciudad de San Sebastián 2018"]
[Site "San Sebastian ESP"]
[Date "2018.03.25"]
[Round "2.6"]
[White "Cinza Lopez, Javier"]
[Black "Franco Alonso, Alejandro"]
[Result "0-1"]
[WhiteElo "1976"]
[BlackElo "2444"]
[PlyCount "76"]
[EventDate "2018.03.24"]
[EventType "swiss"]
[EventRounds "9"]
[EventCountry "ESP"]
[SourceTitle "Ajedrez en Madrid"]
[Source "lmi"]
[SourceDate "2018.03.24"]
[SourceVersion "1"]
[SourceVersionDate "2018.04.01"]
[SourceQuality "1"]

1. d4 Nf6 2. Nf3 e6 3. c4 b6 4. g3 Ba6 5. b3 Bb4+ 6. Bd2 Be7 7. Nc3 d5 8. cxd5
exd5 9. Bg2 Bb7 10. O-O O-O 11. Bf4 Na6 12. a3 c5 13. Nb5 Qd7 14. Qd3 Rfd8 15.
Rfd1 h6 16. Rac1 Ne4 17. Ne5 Qe8 18. a4 Bf8 19. Qb1 Qe7 20. Nd3 Qe8 21. Ne5 Qe6
22. h4 Qe8 23. Rd3 cxd4 24. Nc7 Nxc7 25. Rxc7 Ba6 26. Nxf7 Bxd3 27. Qxd3 Rdc8
28. Rxc8 Rxc8 29. Ne5 Qe6 30. Bxe4 dxe4 31. Qxd4 Qxb3 32. Qxe4 Qe6 33. Qb7 Rd8
34. Qxa7 g5 35. hxg5 hxg5 36. Bxg5 Rd1+ 37. Kh2 Qxe5 38. Bh4 Qe4 0-1

[Event "Open Ciudad de San Sebastián 2018"]
[Site "San Sebastian ESP"]
[Date "2018.03.25"]
[Round "2.7"]
[White "Sielecki, Christof"]
[Black "Zubizarreta Riego, Mikel"]
[Result "1-0"]
[WhiteElo "2435"]
[BlackElo "1950"]
[PlyCount "53"]
[EventDate "2018.03.24"]
[EventType "swiss"]
[EventRounds "9"]
[EventCountry "ESP"]
[SourceTitle "Ajedrez en Madrid"]
[Source "lmi"]
[SourceDate "2018.03.24"]
[SourceVersion "1"]
[SourceVersionDate "2018.04.01"]
[SourceQuality "1"]

1. e4 c5 2. Nf3 e6 3. d4 cxd4 4. Nxd4 a6 5. Nc3 Qc7 6. Qf3 Nc6 7. Nxc6 dxc6 8.
Qg3 Qxg3 9. hxg3 e5 10. a4 a5 11. Bc4 Bc5 12. f3 Ke7 13. g4 Be6 14. Bxe6 Kxe6
15. Ne2 Nf6 16. Ng3 h6 17. Ke2 Nd7 18. Nf5 Rhg8 19. Bd2 Nb6 20. Rad1 Nc4 21.
Bc1 Nd6 22. Be3 Bb4 23. c3 Nxf5 24. gxf5+ Kf6 25. cxb4 axb4 26. Rd6+ Ke7 27.
Rhd1 1-0

[Event "Open Ciudad de San Sebastián 2018"]
[Site "San Sebastian ESP"]
[Date "2018.03.25"]
[Round "2.8"]
[White "Jordana Vargas, Julio"]
[Black "Iruzubieta Villaluenga, Jesus M"]
[Result "0-1"]
[WhiteElo "1966"]
[BlackElo "2426"]
[PlyCount "64"]
[EventDate "2018.03.24"]
[EventType "swiss"]
[EventRounds "9"]
[EventCountry "ESP"]
[SourceTitle "Ajedrez en Madrid"]
[Source "lmi"]
[SourceDate "2018.03.24"]
[SourceVersion "1"]
[SourceVersionDate "2018.04.01"]
[SourceQuality "1"]

1. d4 d6 2. Nf3 Nf6 3. g3 Nbd7 4. Bg2 e5 5. O-O Be7 6. c4 O-O 7. Nc3 c6 8. Qc2
Re8 9. Rd1 Qc7 10. h3 Bf8 11. e4 exd4 12. Nxd4 g6 13. Be3 a5 14. a3 Nc5 15. Nb3
Nxb3 16. Qxb3 Be6 17. Qa4 Nd7 18. Nd5 cxd5 19. cxd5 Nc5 20. Bxc5 Bd7 21. Bb6
Bxa4 22. Bxc7 Bxd1 23. Rxd1 Rec8 24. Bb6 Bg7 25. b4 axb4 26. axb4 Rc4 27. b5
Ra1 28. Rxa1 Bxa1 29. Be3 Rb4 30. b6 Bd4 31. Bxd4 Rxd4 32. f4 f6 0-1

[Event "Open Ciudad de San Sebastián 2018"]
[Site "San Sebastian ESP"]
[Date "2018.03.25"]
[Round "2.9"]
[White "Alonso Arburu, Juan Ignacio"]
[Black "Sanchez Ruesga, Carlos"]
[Result "0-1"]
[WhiteElo "2397"]
[BlackElo "1925"]
[PlyCount "84"]
[EventDate "2018.03.24"]
[EventType "swiss"]
[EventRounds "9"]
[EventCountry "ESP"]
[SourceTitle "Ajedrez en Madrid"]
[Source "lmi"]
[SourceDate "2018.03.24"]
[SourceVersion "1"]
[SourceVersionDate "2018.04.01"]
[SourceQuality "1"]

1. b3 d5 2. Bb2 Nf6 3. Nf3 g6 4. c4 c6 5. e3 Bg7 6. Ne5 O-O 7. d4 Nbd7 8. Nxd7
Bxd7 9. Bd3 Bf5 10. O-O Qd6 11. h3 Rfe8 12. Nc3 a6 13. Bxf5 gxf5 14. Qf3 e6 15.
c5 Qc7 16. Na4 Ne4 17. Rad1 Ng5 18. Qh5 Ne4 19. Bc1 Kh8 20. Nb6 Rad8 21. Rfe1
Rg8 22. Qh4 Bf6 23. Qf4 Qe7 24. Kh2 Bh4 25. g3 Nxg3 26. fxg3 Bxg3+ 27. Qxg3
Rxg3 28. Kxg3 Rg8+ 29. Kf3 Qh4 30. Ke2 Rg2+ 31. Kd3 Qe4+ 32. Kc3 Qc2+ 33. Kb4
Qxa2 34. Ba3 Rh2 35. Na4 a5+ 36. Kxa5 Qxa3 37. Ra1 Qxb3 38. Reb1 Qxe3 39. Rxb7
Qxd4 40. Ra3 Rg2 41. Ka6 Rg8 42. Ka7 f4 0-1

[Event "Open Ciudad de San Sebastián 2018"]
[Site "San Sebastian ESP"]
[Date "2018.03.25"]
[Round "2.10"]
[White "Dura Olmos, Gines Raul"]
[Black "Hernandez Sanchez, Elvis De La C"]
[Result "0-1"]
[WhiteElo "1953"]
[BlackElo "2261"]
[PlyCount "98"]
[EventDate "2018.03.24"]
[EventType "swiss"]
[EventRounds "9"]
[EventCountry "ESP"]
[SourceTitle "Ajedrez en Madrid"]
[Source "lmi"]
[SourceDate "2018.03.24"]
[SourceVersion "1"]
[SourceVersionDate "2018.04.01"]
[SourceQuality "1"]

1. e4 g6 2. d4 Bg7 3. Be3 d6 4. Bc4 e6 5. Bb3 Ne7 6. Qd2 h6 7. Ne2 Nd7 8. Na3
a6 9. f3 b5 10. c4 bxc4 11. Nxc4 d5 12. Na5 Nf6 13. e5 Nd7 14. Rc1 Rb8 15. Nc6
Nxc6 16. Rxc6 Bb7 17. Rc2 O-O 18. O-O Kh7 19. Rfc1 c6 20. Nf4 c5 21. dxc5 Bc6
22. Nd3 a5 23. Bd4 a4 24. Nb4 Qc8 25. Bxa4 Bxa4 26. c6 Nxe5 27. b3 Bb5 28. c7
Ra8 29. a4 Ba6 30. Qe3 Nd7 31. Bxg7 Kxg7 32. Rc6 Bb7 33. Rd6 Qe8 34. Nc6 Ra6
35. Rxd7 Qxd7 36. Nb8 Qd6 37. Nxa6 Qxa6 38. Qd4+ Kh7 39. Qc5 Rc8 40. Qe7 Qb6+
41. Kh1 Kg7 42. b4 Qe3 43. Rg1 Qf4 44. b5 Rxc7 45. Qa3 d4 46. a5 Rc3 47. Qb2
Rxf3 48. gxf3 Qxf3+ 49. Qg2 d3 0-1

[Event "Open Ciudad de San Sebastián 2018"]
[Site "San Sebastian ESP"]
[Date "2018.03.25"]
[Round "2.11"]
[White "Prieto Aranguren, Alain"]
[Black "Riekenbrauk, Joerg"]
[Result "0-1"]
[WhiteElo "2261"]
[BlackElo "1906"]
[PlyCount "86"]
[EventDate "2018.03.24"]
[EventType "swiss"]
[EventRounds "9"]
[EventCountry "ESP"]
[SourceTitle "Ajedrez en Madrid"]
[Source "lmi"]
[SourceDate "2018.03.24"]
[SourceVersion "1"]
[SourceVersionDate "2018.04.01"]
[SourceQuality "1"]

1. d4 d5 2. c4 Nc6 3. Nf3 Bg4 4. cxd5 Bxf3 5. gxf3 Qxd5 6. e3 e5 7. Nc3 Bb4 8.
Bd2 Bxc3 9. bxc3 exd4 10. cxd4 Nf6 11. Bg2 O-O 12. O-O Rad8 13. Qc2 Rfe8 14.
Rab1 b6 15. Rfc1 Rd6 16. a4 Qe6 17. Qc4 Qd7 18. Rc2 Rd8 19. Rd1 Ne8 20. Kh1 Rg6
21. Rdc1 Ne7 22. Bb4 Nd5 23. Ba3 Qe6 24. Qa6 Qf5 25. Qxa7 Qg5 26. Rg1 Qh4 27.
a5 bxa5 28. Qxa5 Ndf6 29. Qc5 h6 30. Qf8+ Kh7 31. Qxf7 Rd5 32. Bf1 Rdg5 33. Rg3
Nh5 34. Bc4 Nef6 35. Kg2 Nxg3 36. hxg3 Rxg3+ 37. Kf1 Qh1+ 38. Ke2 Qxf3+ 39. Kd3
Qf5+ 40. Kc3 Ne4+ 41. Kb2 Rb6+ 42. Ka2 Nc3+ 43. Ka1 Rb1# 0-1

[Event "Open Ciudad de San Sebastián 2018"]
[Site "San Sebastian ESP"]
[Date "2018.03.25"]
[Round "2.12"]
[White "Vicente Ezeiza, Mikel"]
[Black "Delgado Crespo, Mairelys"]
[Result "1/2-1/2"]
[WhiteElo "1921"]
[BlackElo "2250"]
[PlyCount "38"]
[EventDate "2018.03.24"]
[EventType "swiss"]
[EventRounds "9"]
[EventCountry "ESP"]
[SourceTitle "Ajedrez en Madrid"]
[Source "lmi"]
[SourceDate "2018.03.24"]
[SourceVersion "1"]
[SourceVersionDate "2018.04.01"]
[SourceQuality "1"]

1. e4 e6 2. d4 d5 3. exd5 exd5 4. Bd3 Bd6 5. Ne2 Bg4 6. O-O Ne7 7. f3 Bf5 8.
Bf4 O-O 9. Bxd6 Qxd6 10. Ng3 Bxd3 11. Qxd3 Nd7 12. Re1 Nf6 13. Qa3 Qxa3 14.
Nxa3 Nc6 15. c3 a6 16. Nc2 Rfe8 17. Rxe8+ Rxe8 18. Re1 Rxe1+ 19. Nxe1 g6
1/2-1/2

[Event "Open Ciudad de San Sebastián 2018"]
[Site "San Sebastian ESP"]
[Date "2018.03.25"]
[Round "3.1"]
[White "Vazquez Igarza, Renier"]
[Black "Forgas Moreno, Yaniela"]
[Result "1/2-1/2"]
[WhiteElo "2559"]
[BlackElo "2245"]
[PlyCount "129"]
[EventDate "2018.03.24"]
[EventType "swiss"]
[EventRounds "9"]
[EventCountry "ESP"]
[SourceTitle "Ajedrez en Madrid"]
[Source "lmi"]
[SourceDate "2018.03.24"]
[SourceVersion "1"]
[SourceVersionDate "2018.04.01"]
[SourceQuality "1"]

1. d4 f5 2. g3 Nf6 3. Bg2 g6 4. Nf3 Bg7 5. b4 d5 6. Nbd2 O-O 7. Bb2 Ne4 8. c4
c6 9. Qb3 Nxd2 10. Nxd2 Be6 11. cxd5 Bxd5 12. Bxd5+ cxd5 13. b5 e6 14. O-O Nd7
15. a4 Rc8 16. Rfc1 Rxc1+ 17. Rxc1 Nf6 18. Ba3 Rf7 19. Qc2 Bf8 20. Bxf8 Rxf8
21. Nf3 Ne4 22. Kg2 Qb6 23. Qd3 Qd6 24. Qb3 f4 25. g4 g5 26. a5 h5 27. h3 hxg4
28. hxg4 Rf7 29. Qc2 Qd8 30. Ne5 Rg7 31. a6 bxa6 32. Qc6 Nd6 33. Qxa6 Qb6 34.
Rc6 Qxa6 35. bxa6 Nb5 36. Nf3 Kf7 37. Rc8 Kf6 38. Rf8+ Ke7 39. Rb8 Nd6 40. Ne5
Kf6 41. Rf8+ Ke7 42. Rh8 Nb5 43. Ra8 Kd6 44. e3 fxe3 45. fxe3 Kc7 46. Nd3 Kd6
47. Nc5 Re7 48. Rg8 e5 49. Rg6+ Kc7 50. Ne6+ Kd7 51. Nc5+ Kc7 52. Rxg5 exd4 53.
exd4 Nxd4 54. Rxd5 Nc6 55. Kg3 Kb6 56. g5 Nb4 57. Re5 Rxe5 58. Nd7+ Kc7 59.
Nxe5 Kd6 60. g6 Nd5 61. g7 Nf6 62. Nc4+ Kc5 63. Ne5 Nh5+ 64. Kf3 Nxg7 65. Ke4
1/2-1/2